[Event "ROM-chT Rapid"]
[Site "Sebes"]
[Date "2023.12.02"]
[Round "5.17"]
[White "Negrean, Andrei"]
[Black "Stefan, Romulus Cristian"]
[Result "1-0"]
[WhiteElo "1988"]
[BlackElo "2139"]
[PlyCount "78"]
[EventDate "2023.12.02"]
[EventType "team-swiss (rapid)"]
[EventRounds "8"]
[EventCountry "ROU"]
[SourceTitle "CB49_2023"]
[SourceDate "2023.12.06"]
[SourceVersion "1"]
[SourceVersionDate "2023.12.06"]
[SourceQuality "1"]
[WhiteTeam "Central de Sah Club"]
[BlackTeam "Cugir Metalurgistul"]
[WhiteTeamCountry "ROU"]
[BlackTeamCountry "ROU"]

1. d4 d5 2. c4 c6 3. cxd5 cxd5 4. Nc3 Nf6 5. Nf3 Nc6 6. Bf4 a6 7. Rc1 Bf5 8. e3 Bg4 9. Be2 Bxf3 10. Bxf3 e6 11. 0-0 Bd6 12. Bxd6 Qxd6 13. Na4 Nd7 14. Qb3 Rb8 15. Nc5 Nxc5 16. Rxc5 0-0 17. Rfc1 Na7 18. Be2 g6 19. g3 Rfd8 20. Rc7 Nc6 21. Qb6 Nb4 22. Qxd6 Rxd6 23. a3 Nc6 24. Bxa6 Nxd4 25. Rxb7 Rxb7 26. Rc8+ Kg7 27. Bxb7 Nf3+ 28. Kg2 Ne1+ 29. Kf1 Nf3 30. Bc6 Nd2+ 31. Ke2 Nc4 32. b4 Nxa3 33. b5 Nc4 34. Kd3 e5 35. Rc7 Kf8 36. Rc8+ Kg7 37. Rc7 Kf8 38. f4 h5 39. fxe5 Nxe5+ 1-0

[Event "Sebes GP op"]
[Site "Sebes"]
[Date "2023.11.04"]
[Round "3"]
[White "Stefan, Romulus Cristian"]
[Black "Ardelean, George Catalin"]
[Result "1/2-1/2"]
[WhiteElo "2139"]
[BlackElo "2433"]
[PlyCount "57"]
[EventDate "2023.11.04"]
[EventType "swiss"]
[EventRounds "10"]
[EventCountry "ROU"]
[SourceTitle "CB46_2023"]
[SourceDate "2023.11.15"]
[SourceVersion "1"]
[SourceVersionDate "2023.11.15"]
[SourceQuality "1"]

1. Nf3 d5 2. g3 b6 3. Bg2 Bb7 4. 0-0 e6 5. d4 Nf6 6. c4 Nbd7 7. cxd5 exd5 8. Nc3 a6 9. Ne5 Be7 10. Bf4 0-0 11. Rc1 b5 12. Qd3 Nb6 13. e4 dxe4 14. Nxe4 Nxe4 15. Bxe4 Bxe4 16. Qxe4 Qd5 17. Qb1 Bd6 18. Rfd1 Rfe8 19. Be3 Re6 20. Nd3 Rae8 21. Nf4 Bxf4 22. Bxf4 c6 23. Re1 h5 24. Re5 Qxd4 25. Rxh5 g6 26. Rh4 Nd5 27. Be3 Qf6 28. Bd4 Re5 29. Bxe5 1/2-1/2

[Event "Bucharest Grand Prix"]
[Site "Bucharest"]
[Date "2023.04.29"]
[Round "2"]
[White "Vocaturo, Daniele"]
[Black "Stefan, Romulus Cristian"]
[Result "1-0"]
[WhiteElo "2618"]
[BlackElo "2137"]
[PlyCount "77"]
[EventDate "2023.04.29"]
[EventType "swiss (rapid)"]
[EventRounds "10"]
[EventCountry "ROU"]
[SourceTitle "CBM 213 Extra"]
[Source "ChessBase"]
[SourceDate "2023.05.31"]
[SourceVersion "1"]
[SourceVersionDate "2023.05.31"]
[SourceQuality "1"]

1. Nf3 d5 2. e3 Nf6 3. c4 c6 4. Nc3 a6 5. h3 g6 6. d4 Bg7 7. Bd3 0-0 8. 0-0 Nbd7 9. cxd5 cxd5 10. Bd2 b5 11. b4 Bb7 12. a4 bxa4 13. Nxa4 Ne4 14. Nc5 Ndxc5 15. bxc5 e5 16. Bxe4 dxe4 17. Nxe5 Bxe5 18. dxe5 Qg5 19. Bc3 Rfd8 20. Bd4 Bc8 21. Kh2 Bd7 22. Qc2 Bb5 23. Rfc1 Bd3 24. Qc3 Qf5 25. Kg1 Rac8 26. Ra3 Rc6 27. f4 h5 28. Ra2 Kh7 29. Qe1 g5 30. fxg5 Qxg5 31. Rf2 Qg6 32. Rf4 Kg8 33. Qf2 Rd7 34. Kh1 Rb7 35. Rf6 Rxf6 36. exf6 Qg5 37. c6 Rc7 38. Rc5 Qh6 39. Qg3+ 1-0

[Event "ROM-chT Rapid"]
[Site "Sebes"]
[Date "2022.12.03"]
[Round "3.25"]
[White "Stefan, Romulus Cristian"]
[Black "Baratosi, Daniel"]
[Result "0-1"]
[WhiteElo "2097"]
[BlackElo "2335"]
[PlyCount "94"]
[EventDate "2022.12.03"]
[EventType "team-swiss (rapid)"]
[EventRounds "8"]
[EventCountry "ROU"]
[SourceTitle "CBM 211 Extra"]
[Source "ChessBase"]
[SourceDate "2023.01.31"]
[SourceVersion "1"]
[SourceVersionDate "2023.01.31"]
[SourceQuality "1"]
[WhiteTeam "Cugir CSO"]
[BlackTeam "Targu Mures Juvenes"]
[WhiteTeamCountry "ROU"]
[BlackTeamCountry "ROU"]

1. e4 c5 2. Nc3 d6 3. g3 g6 4. Bg2 Bg7 5. d3 Nc6 6. Nh3 Rb8 7. 0-0 b5 8. Nd5 e6 9. Ne3 Nge7 10. f4 f5 11. g4 0-0 12. gxf5 exf5 13. exf5 Nxf5 14. Ng5 Nce7 15. Nd5 h6 16. Nxe7+ Nxe7 17. Ne4 d5 18. Ng3 h5 19. f5 Nxf5 20. Nxf5 Bxf5 21. Bf4 Rb6 22. c3 d4 23. Qb3+ Kh7 24. Qa3 Bxd3 25. Rf2 dxc3 26. bxc3 Qe7 27. Rd1 Bc4 28. Qc1 Re6 29. Bg5 Qe8 30. Rfd2 Re2 31. Rxe2 Qxe2 32. Re1 Qf2+ 33. Kh1 Rf7 34. a3 a5 35. h3 a4 36. Be3 Qg3 37. Bxc5 Qxc3 38. Qxc3 Bxc3 39. Re3 Bg7 40. Re1 Bf8 41. Re5 Bxc5 42. Rxc5 Rf5 43. Rc7+ Kh6 44. Kg1 Kg5 45. Rg7 Rf7 46. Rg8 Re7 47. Rf8 Re3 0-1

[Event "ROM-chT Rapid"]
[Site "Sebes"]
[Date "2022.12.03"]
[Round "4.25"]
[White "Stefan, Romulus Cristian"]
[Black "Patrascu, Catalin Lucian"]
[Result "0-1"]
[WhiteElo "2097"]
[BlackElo "2279"]
[PlyCount "124"]
[EventDate "2022.12.03"]
[EventType "team-swiss (rapid)"]
[EventRounds "8"]
[EventCountry "ROU"]
[SourceTitle "CBM 211 Extra"]
[Source "ChessBase"]
[SourceDate "2023.01.31"]
[SourceVersion "1"]
[SourceVersionDate "2023.01.31"]
[SourceQuality "1"]
[WhiteTeam "Cugir CSO"]
[BlackTeam "Bucharest CSU II"]
[WhiteTeamCountry "ROU"]
[BlackTeamCountry "ROU"]

1. d4 Nf6 2. Nf3 e6 3. Bg5 b6 4. Nbd2 Bb7 5. e3 h6 6. Bh4 d6 7. Bd3 Nbd7 8. 0-0 g5 9. Bg3 Nh5 10. Nc4 Qe7 11. Nfd2 Nxg3 12. hxg3 Bg7 13. c3 h5 14. e4 h4 15. a4 a5 16. Qe2 0-0-0 17. Ne3 hxg3 18. fxg3 Rh6 19. Ng4 Rh5 20. Ba6 Rdh8 21. Bxb7+ Kxb7 22. Qf3 Kb8 23. Nf2 f5 24. exf5 exf5 25. Rae1 Qd8 26. Qxf5 g4 27. Qf7 R5h7 28. Qe6 Qg5 29. Nde4 Qh5 30. Nxg4 Qh1+ 31. Kf2 Rf8+ 32. Ke2 Qxg2+ 33. Rf2 Rxf2+ 34. Ngxf2 Bf8 35. Qf5 Re7 36. Kd1 Bh6 37. g4 d5 38. Qxd5 Qf3+ 39. Kc2 Be3 40. Nd1 Bf4 41. Qf5 Ka7 42. Ndf2 Nb8 43. Nd3 Qg2+ 44. Kb3 Bh2 45. Ne5 Bxe5 46. dxe5 Nd7 47. e6 Nb8 48. g5 Nc6 49. g6 Rg7 50. Qd5 Ne7 51. Qd7 Qh2 52. Rd1 Qe5 53. Nd6 Nxg6 54. Nb5+ Kb7 55. Nd6+ Ka7 56. Nc4 Qe2 57. Qd5 Nf4 58. Rd2 Qxe6 59. Qd4 Rf7 60. Ka3 Ne2 61. Qd3 Qe7+ 62. Ka2 Nc1+ 0-1

[Event "ROM-ch blitz"]
[Site "Bucharest"]
[Date "2022.03.13"]
[Round "1"]
[White "Pirvu, Ciprian Valentin"]
[Black "Stefan, Romulus Cristian"]
[Result "0-1"]
[WhiteElo "1464"]
[BlackElo "2154"]
[PlyCount "46"]
[EventDate "2022.03.13"]
[EventType "swiss (blitz)"]
[EventRounds "9"]
[EventCountry "ROU"]
[SourceTitle "EXT 2023"]
[Source "ChessBase"]
[SourceDate "2022.10.05"]
[SourceVersion "1"]
[SourceVersionDate "2022.10.05"]
[SourceQuality "1"]

1. e4 d6 2. d4 Nf6 3. Nc3 g6 4. Nf3 Bg7 5. Bc4 Nc6 6. h3 Nxe4 7. Bxf7+ Kxf7 8. Nxe4 Rf8 9. Neg5+ Kg8 10. c3 d5 11. Qe2 Qd6 12. Bd2 h6 13. h4 hxg5 14. hxg5 Bg4 15. 0-0-0 e5 16. Rh4 Bxf3 17. gxf3 exd4 18. cxd4 Nxd4 19. Qd3 Rxf3 20. Qf1 Qc5+ 21. Bc3 Rxc3+ 22. bxc3 Qxc3+ 23. Kb1 Qc2+ 0-1

[Event "ROM-ch Rapid"]
[Site "Bucharest"]
[Date "2022.03.12"]
[Round "8"]
[White "Botea, David Alexandru"]
[Black "Stefan, Romulus Cristian"]
[Result "1-0"]
[WhiteElo "1838"]
[BlackElo "2088"]
[PlyCount "99"]
[EventDate "2022.03.11"]
[EventType "swiss (rapid)"]
[EventRounds "9"]
[EventCountry "ROU"]
[SourceTitle "CBM 207 Extra"]
[Source "ChessBase"]
[SourceDate "2022.05.31"]
[SourceVersion "1"]
[SourceVersionDate "2022.05.31"]
[SourceQuality "1"]

1. e4 d6 2. d4 Nf6 3. Nc3 g6 4. Be3 a6 5. f3 b5 6. Qd2 Nbd7 7. 0-0-0 Nb6 8. g4 h5 9. g5 Nfd7 10. e5 Bb7 11. e6 fxe6 12. Bh3 Kf7 13. Qd3 Rg8 14. Nge2 e5 15. d5 Rg7 16. Be6+ Ke8 17. f4 Nc4 18. f5 Nxe3 19. Qxe3 Nc5 20. Rhf1 c6 21. f6 Nxe6 22. dxe6 exf6 23. gxf6 Rh7 24. f7+ Ke7 25. Ne4 Bh6 26. Ng5 Qh8 27. h4 c5 28. Rxd6 Bxg5 29. Rd7+ Kxe6 30. Qxg5 Kxd7 31. Rd1+ Kc7 32. Qe7+ Kb6 33. Rd6+ Bc6 34. Nc3 Rc8 35. b4 cxb4 36. Nd5+ Ka5 37. Rxc6 Qf8 38. Rxc8 Qxe7 39. Nxe7 Rxf7 40. Nxg6 e4 41. Re8 Rf6 42. Ne5 Rf4 43. Nc6+ Kb6 44. Nxb4 Rxh4 45. Nd5+ Kc5 46. Nf6 Kd4 47. Rd8+ Ke3 48. Nd5+ Kf3 49. Rf8+ Ke2 50. Nf4+ 1-0

[Event "ROM-ch Rapid"]
[Site "Bucharest"]
[Date "2022.03.12"]
[Round "3"]
[White "Stefan, Romulus Cristian"]
[Black "Jianu, Vlad Cristian"]
[Result "0-1"]
[WhiteElo "2088"]
[BlackElo "2527"]
[PlyCount "68"]
[EventDate "2022.03.11"]
[EventType "swiss (rapid)"]
[EventRounds "9"]
[EventCountry "ROU"]
[SourceTitle "CBM 207 Extra"]
[Source "ChessBase"]
[SourceDate "2022.05.31"]
[SourceVersion "1"]
[SourceVersionDate "2022.05.31"]
[SourceQuality "1"]

1. e4 c5 2. Nc3 Nc6 3. g3 g6 4. Bg2 Bg7 5. d3 d6 6. Nh3 e6 7. 0-0 Nge7 8. Be3 b6 9. Qd2 h6 10. Rae1 Bb7 11. f4 Nd4 12. f5 gxf5 13. Nf4 Qc7 14. Nh5 Be5 15. Nd1 Rg8 16. c3 Ndc6 17. d4 cxd4 18. cxd4 Bh8 19. Nc3 fxe4 20. Bxe4 f5 21. Bg2 Nd8 22. d5 e5 23. Nb5 Qd7 24. a4 a6 25. Nc3 b5 26. axb5 axb5 27. Ra1 Rxa1 28. Rxa1 b4 29. Ne2 f4 30. Bf2 Qf5 31. Nexf4 exf4 32. Nxf4 b3 33. Re1 Be5 34. Bh3 Qxf4 0-1

[Event "ROM-ch Rapid"]
[Site "Bucharest"]
[Date "2022.03.12"]
[Round "6"]
[White "Tudor, Henry Edward"]
[Black "Stefan, Romulus Cristian"]
[Result "1-0"]
[WhiteElo "1879"]
[BlackElo "2088"]
[PlyCount "71"]
[EventDate "2022.03.11"]
[EventType "swiss (rapid)"]
[EventRounds "9"]
[EventCountry "ROU"]
[SourceTitle "CBM 207 Extra"]
[Source "ChessBase"]
[SourceDate "2022.05.31"]
[SourceVersion "1"]
[SourceVersionDate "2022.05.31"]
[SourceQuality "1"]

1. d4 Nf6 2. c4 g6 3. Nc3 Bg7 4. e4 d6 5. Nf3 0-0 6. Be2 Nbd7 7. 0-0 e5 8. d5 Nc5 9. Qc2 a5 10. b3 Bd7 11. Be3 b6 12. Nd2 Ne8 13. a3 f5 14. f3 f4 15. Bf2 Nf6 16. b4 Na6 17. Rab1 g5 18. c5 g4 19. cxd6 g3 20. hxg3 fxg3 21. Bxg3 cxd6 22. f4 Ng4 23. Bxg4 Bxg4 24. fxe5 Rc8 25. Qd3 axb4 26. axb4 Rxf1+ 27. Nxf1 Qc7 28. Nb5 Qc4 29. Qxc4 Rxc4 30. Nxd6 Rxb4 31. Rxb4 Nxb4 32. Ne3 Bd7 33. e6 Ba4 34. e7 Bd4 35. Bf2 Be5 36. Nef5 1-0

[Event "EU-ch Online U2300 Qual"]
[Site "Chess.com INT"]
[Date "2020.05.25"]
[Round "6"]
[White "Kniazev, Alexander V"]
[Black "Stefan, Romulus Cristian"]
[Result "0-1"]
[WhiteElo "2236"]
[BlackElo "2151"]
[PlyCount "84"]
[EventDate "2020.05.25"]
[EventType "swiss"]
[EventRounds "8"]
[EventCountry "NET"]
[SourceTitle "EXT 2021"]
[Source "ChessBase"]
[SourceDate "2020.10.23"]
[SourceVersion "1"]
[SourceVersionDate "2020.10.23"]
[SourceQuality "1"]

1. e4 c5 2. Nf3 e6 3. d4 cxd4 4. Nxd4 Nf6 5. Nc3 Nc6 6. Ndb5 Bb4 7. a3 Bxc3+ 8. Nxc3 d5 9. exd5 exd5 10. Bd3 0-0 11. 0-0 d4 12. Ne2 Bg4 13. h3 Bh5 14. Bf4 Re8 15. Qd2 Qb6 16. Ng3 Bg6 17. Rab1 Rad8 18. Bg5 Ne5 19. Rfd1 h6 20. Bxg6 fxg6 21. Bxf6 Qxf6 22. Re1 Nc6 23. Ne4 Qf5 24. f3 g5 25. Nf2 Re3 26. Ng4 Ree8 27. Nf2 Re3 28. Ne4 Qf4 29. Qf2 Rf8 30. Nc5 Rf7 31. Nd3 Qd6 32. Rxe3 dxe3 33. Qxe3 Re7 34. Qf2 Nd4 35. Re1 Rc7 36. c3 Ne6 37. Ne5 Nf4 38. Re4 Qd1+ 39. Kh2 Qd5 40. g3 Ne6 41. Ng4 Nc5 42. Rd4 Qe6 0-1

[Event "EU-ch Online U2300 Qual"]
[Site "Chess.com INT"]
[Date "2020.05.25"]
[Round "7"]
[White "Levin, Guy"]
[Black "Stefan, Romulus Cristian"]
[Result "1-0"]
[WhiteElo "2213"]
[BlackElo "2151"]
[PlyCount "71"]
[EventDate "2020.05.25"]
[EventType "swiss"]
[EventRounds "8"]
[EventCountry "NET"]
[SourceTitle "EXT 2021"]
[Source "ChessBase"]
[SourceDate "2020.10.23"]
[SourceVersion "1"]
[SourceVersionDate "2020.10.23"]
[SourceQuality "1"]

1. c4 Nf6 2. Nf3 g6 3. g3 Bg7 4. Bg2 0-0 5. 0-0 d6 6. d4 c6 7. Nc3 Qa5 8. e4 e5 9. h3 Nbd7 10. Be3 exd4 11. Bxd4 Nb6 12. Nd2 Qh5 13. Qxh5 Nxh5 14. Bxg7 Kxg7 15. Rad1 Be6 16. b3 a5 17. Kh2 a4 18. Ra1 Rfd8 19. Rfb1 Rd7 20. f4 d5 21. exd5 cxd5 22. c5 Rc8 23. b4 f5 24. Nb5 Nc4 25. Nxc4 dxc4 26. Nd6 Rb8 27. Re1 Kf6 28. Re2 b6 29. Rae1 Ng7 30. g4 fxg4 31. Ne4+ Kf5 32. Ng5 Bg8 33. hxg4+ Kxf4 34. Nh3+ Kxg4 35. Re4+ Kf5 36. Rf4# 1-0

[Event "Romania blitz online op final"]
[Site "Chess.com INT"]
[Date "2020.05.06"]
[Round "1"]
[White "Bonciu, David"]
[Black "Stefan, Romulus Cristian"]
[Result "0-1"]
[WhiteElo "1926"]
[BlackElo "2151"]
[PlyCount "78"]
[EventDate "2020.05.06"]
[EventType "swiss (blitz)"]
[EventRounds "9"]
[EventCountry "ROU"]
[SourceTitle "CBM 196 Extra"]
[Source "ChessBase"]
[SourceDate "2020.07.31"]
[SourceVersion "1"]
[SourceVersionDate "2020.07.31"]
[SourceQuality "1"]

1. e4 Nf6 2. e5 Nd5 3. d4 d6 4. Nf3 dxe5 5. Nxe5 c6 6. Bc4 Nd7 7. Nf3 g6 8. 0-0 Bg7 9. Bb3 0-0 10. c4 N5f6 11. Nc3 Qc7 12. h3 Nb6 13. Be3 Bf5 14. Qe2 Rad8 15. Rfd1 a5 16. g4 Bc8 17. Ne5 Nbd7 18. Bf4 Qb6 19. Na4 Qa7 20. Nxd7 Bxd7 21. Qxe7 Rfe8 22. Qc5 Qa6 23. Qb6 Qa8 24. Nc5 Bc8 25. Bc7 Nd7 26. Qxa5 Qxa5 27. Bxa5 b6 28. Nxd7 bxa5 29. Ne5 c5 30. Nc6 Rd6 31. Nxa5 Bxd4 32. Re1 Rde6 33. Kf1 h5 34. gxh5 Rxe1+ 35. Rxe1 Bxh3+ 36. Kg1 Rxe1+ 37. Kh2 Bf5 38. hxg6 Bxg6 39. Nc6 Bxb2 0-1

[Event "Romania rapid online op final"]
[Site "Chess.com INT"]
[Date "2020.05.01"]
[Round "6"]
[White "Rucsandescu, Dan"]
[Black "Stefan, Romulus Cristian"]
[Result "0-1"]
[WhiteElo "1971"]
[BlackElo "2151"]
[PlyCount "74"]
[EventDate "2020.05.01"]
[EventType "swiss (rapid)"]
[EventRounds "7"]
[EventCountry "ROU"]
[SourceTitle "CBM 196 Extra"]
[Source "ChessBase"]
[SourceDate "2020.07.31"]
[SourceVersion "1"]
[SourceVersionDate "2020.07.31"]
[SourceQuality "1"]

1. d4 Nf6 2. Nf3 g6 3. g3 Bg7 4. Bg2 0-0 5. 0-0 d6 6. c4 c6 7. Nc3 Qa5 8. Qc2 e5 9. dxe5 dxe5 10. b3 Bf5 11. e4 Bg4 12. Be3 Nbd7 13. h3 Bxf3 14. Bxf3 Rfe8 15. Rfd1 Nf8 16. Rd2 Rad8 17. Rad1 Ne6 18. Ne2 h5 19. Bg2 Bf8 20. Rxd8 Rxd8 21. Rxd8 Nxd8 22. Bd2 Bb4 23. Bg5 Be7 24. Qd2 Qc7 25. Qc3 Ne6 26. Be3 a5 27. f4 Bc5 28. Bxc5 Nxc5 29. fxe5 Nfd7 30. Nf4 Nxe5 31. Qd4 Qe7 32. Kh2 h4 33. g4 Qf6 34. Qe3 b6 35. Ne2 Qd6 36. Qf4 Ncd3 37. Qd2 Nf3+ 0-1

[Event "Romania rapid online op final"]
[Site "Chess.com INT"]
[Date "2020.05.01"]
[Round "4"]
[White "Stefan, Romulus Cristian"]
[Black "Gondrea, Victor"]
[Result "0-1"]
[WhiteElo "2151"]
[BlackElo "1001"]
[PlyCount "60"]
[EventDate "2020.05.01"]
[EventType "swiss (rapid)"]
[EventRounds "7"]
[EventCountry "ROU"]
[SourceTitle "CBM 196 Extra"]
[Source "ChessBase"]
[SourceDate "2020.07.31"]
[SourceVersion "1"]
[SourceVersionDate "2020.07.31"]
[SourceQuality "1"]

1. e4 c5 2. f4 Nc6 3. Nf3 g6 4. Bb5 Bg7 5. Bxc6 bxc6 6. d3 Nf6 7. 0-0 d6 8. Nc3 0-0 9. Qe1 Qc7 10. Qh4 Bg4 11. f5 Bxf3 12. Rxf3 c4 13. Be3 cxd3 14. cxd3 d5 15. Kh1 Rfd8 16. Raf1 d4 17. Bh6 dxc3 18. Bxg7 Kxg7 19. bxc3 Qe5 20. Rh3 Rh8 21. Qe1 Rad8 22. Rhf3 c5 23. h3 Rb8 24. Re3 Rb2 25. Qc1 Rxa2 26. Rd1 Qf4 27. Rf1 Qe5 28. Rd1 Rd8 29. Qb1 Ra3 30. Rc1 Rxc3 0-1

[Event "Arad op"]
[Site "Arad"]
[Date "2012.07.29"]
[Round "3"]
[White "Stefan, Romulus Cristian"]
[Black "Georgescu, Tiberiu Marian"]
[Result "0-1"]
[WhiteElo "2180"]
[BlackElo "2401"]
[PlyCount "70"]
[EventDate "2012.07.27"]
[EventType "swiss"]
[EventRounds "9"]
[EventCountry "ROU"]
[SourceTitle "CBM 149 Extra"]
[Source "ChessBase"]
[SourceDate "2012.08.24"]
[SourceVersion "1"]
[SourceVersionDate "2012.08.24"]
[SourceQuality "1"]

1. e4 d6 2. d4 Nf6 3. Nc3 e5 4. Nf3 Nbd7 5. Bc4 Be7 6. 0-0 0-0 7. a4 c6 8. Ba2 Qc7 9. Re1 b6 10. Nh4 exd4 11. Nf5 Nc5 12. Nxe7+ Qxe7 13. Qxd4 Qe5 14. Qxe5 dxe5 15. Bg5 Rd8 16. Rad1 Be6 17. Bxe6 Nxe6 18. Bxf6 gxf6 19. Ne2 Nc5 20. Nc3 Rd4 21. f3 Rad8 22. b3 Na6 23. Rxd4 exd4 24. Na2 c5 25. Kf2 c4 26. Rd1 Nc5 27. Nb4 cxb3 28. cxb3 Nxb3 29. Nd5 f5 30. Ne7+ Kf8 31. Nxf5 d3 32. Ne3 Rd4 33. Nd5 d2 34. Nc3 Rc4 35. Nb1 Rxa4 0-1

[Event "Vlissingen HZ op 15th"]
[Site "Vlissingen"]
[Date "2011.08.06"]
[Round "9"]
[White "Stefan, Romulus Cristian"]
[Black "Bezemer, Arno J"]
[Result "1/2-1/2"]
[WhiteElo "2172"]
[BlackElo "2348"]
[PlyCount "38"]
[EventDate "2011.07.30"]
[EventType "swiss"]
[EventRounds "9"]
[EventCountry "NED"]
[SourceTitle "CBM 143 Extra"]
[Source "ChessBase"]
[SourceDate "2011.08.29"]
[SourceVersion "1"]
[SourceVersionDate "2011.08.29"]
[SourceQuality "1"]

1. f4 Nf6 2. Nf3 g6 3. g3 Bg7 4. Bg2 0-0 5. 0-0 c5 6. d3 Nc6 7. Nc3 d6 8. Nh4 Bd7 9. f5 Rb8 10. Bg5 Ne5 11. Qc1 Bc6 12. e4 b5 13. Bh6 b4 14. Nd5 Bxd5 15. exd5 c4 16. Bxg7 Kxg7 17. fxg6 Qb6+ 18. Kh1 hxg6 19. Qg5 Kh7 1/2-1/2

[Event "Vlissingen HZ op 15th"]
[Site "Vlissingen"]
[Date "2011.08.01"]
[Round "4"]
[White "Seirawan, Yasser"]
[Black "Stefan, Romulus Cristian"]
[Result "1-0"]
[WhiteElo "2635"]
[BlackElo "2172"]
[PlyCount "63"]
[EventDate "2011.07.30"]
[EventType "swiss"]
[EventRounds "9"]
[EventCountry "NED"]
[SourceTitle "CBM 143 Extra"]
[Source "ChessBase"]
[SourceDate "2011.08.29"]
[SourceVersion "1"]
[SourceVersionDate "2011.08.29"]
[SourceQuality "1"]

1. c4 f5 2. g3 Nf6 3. Bg2 g6 4. Nc3 Bg7 5. d4 d6 6. e3 0-0 7. Nge2 c6 8. 0-0 e5 9. b3 Na6 10. d5 c5 11. e4 fxe4 12. Bg5 h6 13. Bxf6 Qxf6 14. Nxe4 Qe7 15. N2c3 b6 16. h4 Nc7 17. Kh2 Rb8 18. h5 g5 19. Bh3 Bxh3 20. Kxh3 Rf7 21. Qg4 Rbf8 22. f3 Kh8 23. Kg2 Ne8 24. a3 Nf6 25. Nxf6 Rxf6 26. Ne4 Rf5 27. b4 R8f7 28. b5 Bf8 29. a4 a5 30. bxa6 Qa7 31. a5 Qxa6 32. axb6 1-0